Statistics for i will - mitski lyrics

Click here to take the quiz!

General Stats

  • This quiz has been taken 25 times
  • The average score is 133 of 157

Answer Stats

Answer% Correct
i
100%
will
100%
you
100%
an
95%
and
95%
bare
95%
body
95%
care
95%
good
95%
night
95%
of
95%
take
95%
to
95%
with
95%
your
95%
all
89%
at
89%
be
89%
ever
89%
is
89%
me
89%
no
89%
so
89%
stay
89%
the
89%
want
89%
wanted
89%
hand
84%
here
84%
hold
84%
i'll
84%
it
84%
live
84%
my
84%
need
84%
see
84%
still
84%
there
84%
there's
84%
brave
79%
dry
79%
hair
79%
it's
79%
wash
79%
always
74%
not
74%
off
74%
tunnel
74%
end
68%
know
68%
out
68%
scared
68%
sleep
68%
we're
68%
by
63%
if
63%
let
63%
one
63%
only
63%
quiet
63%
them
63%
though
63%
while
63%
would
63%
bet
58%
everything
58%
for
58%
time
58%
'cause
53%
feel
53%
nights
53%
seal
53%
needs
47%
they're
47%
up
47%
wake
47%
bear
37%

Score Distribution

Percentile by Number Answered

Percent of People with Each Score

Your Score History

You have not taken this quiz